[Event "38th Olympiad"]
[Site "Dresden GER"]
[Date "2008.11.21"]
[Round "8"]
[White "Hernandez Carmenates,Hold"]
[Black "Bogner,S"]
[Result "1-0"]
[WhiteElo "2580"]
[BlackElo "2448"]
[EventDate "2008.11.13"]

1. e4 c5 2. Nc3 d6 3. f4 g6 4. d4 cxd4 5. Qxd4 Nf6 6. Bd3 Bg7 7. Qf2 O-O 8.
h3 Nbd7 9. Nf3 Nc5 10. O-O b6 11. Qh4 d5 12. e5 Nfe4 13. Nb5 Ba6 14. a4 e6
15. Qxd8 Rfxd8 16. b4 Nxd3 17. cxd3 Ng3 18. Re1 Bxb5 19. axb5 d4 20. Kf2
Nf5 21. Re4 Rd5 22. g4 Ne7 23. Nxd4 Rc8 24. Rxa7 Rxc1 25. Rxe7 Bf8 26. Re8
Rd1 27. Ke2 Rh1 28. f5 Rh2+ 29. Kf1 Rd7 30. fxe6 fxe6 31. Rf4 Rf7 32. Nxe6
Rxf4+ 33. Nxf4 Kf7 34. Rb8 g5 35. Rb7+ Ke8 36. Nd5 Rxh3 37. e6 Bd6 38. Rd7
Be5 39. d4 1-0

[Event "38th Olympiad"]
[Site "Dresden GER"]
[Date "2008.11.21"]
[Round "8"]
[White "Smerdon,D"]
[Black "Saric,Ib"]
[Result "1/2-1/2"]
[WhiteElo "2470"]
[BlackElo "2559"]
[EventDate "2008.11.13"]

1. e4 c5 2. c3 d5 3. exd5 Qxd5 4. d4 g6 5. dxc5 Qxd1+ 6. Kxd1 Nf6 7. Nf3
Bg7 8. Bb5+ Bd7 9. Bd3 Bc6 10. Be3 Ng4 11. Nbd2 Nd7 12. Nb3 O-O-O 13. Kc2
Nde5 14. Nxe5 Nxe5 15. Bf1 Be4+ 16. Kc1 Ng4 17. Nd2 Nxe3 18. fxe3 Bd3 19.
Bxd3 Rxd3 20. Kc2 Rxe3 21. Rae1 Rxe1 22. Rxe1 Kd7 23. b4 Rc8 24. Kb3 e5 25.
Nc4 Ke6 26. Nd6 Rb8 27. Kc4 f5 28. a4 a6 29. Rd1 Bf8 30. Rd3 e4 31. Rh3
Bxd6 32. cxd6 Rc8+ 33. Kd4 b5 34. axb5 axb5 35. d7 Kxd7 36. Rxh7+ Ke6 37.
Rb7 Rc4+ 38. Ke3 Rxc3+ 39. Kf4 Rc2 40. Rb6+ Kf7 41. Rb7+ Ke6 42. Rb6+ Kd5
43. Rxg6 Rf2+ 44. Ke3 Rf1 45. Rg5 Kc4 46. Ke2 Rb1 47. Rxf5 Rb2+ 48. Ke3
Rxg2 49. h4 Rg4 50. h5 Rh4 51. Re5 Rh3+ 52. Kxe4 Kxb4 53. Kf4 1/2-1/2

[Event "38th Olympiad"]
[Site "Dresden GER"]
[Date "2008.11.21"]
[Round "8"]
[White "Stojanovic,Da"]
[Black "Solomon,SJ"]
[Result "1/2-1/2"]
[WhiteElo "2455"]
[BlackElo "2470"]
[EventDate "2008.11.13"]

1. e4 e5 2. Bc4 Nf6 3. d3 c6 4. Nf3 d5 5. Bb3 Bb4+ 6. Bd2 Bxd2+ 7. Nbxd2
Nbd7 8. O-O O-O 9. Re1 Re8 10. d4 exd4 11. exd5 Rxe1+ 12. Qxe1 c5 13. d6 b5
14. a4 c4 15. Ba2 a6 16. Nxd4 Qb6 17. Nf5 Bb7 18. Qe3 Qxe3 19. Nxe3 Nc5 20.
b4 Nce4 21. Nxe4 Nxe4 22. f3 Nc3 23. Nd1 Nd5 24. c3 Nb6 25. a5 Nd5 26. Bb1
Rd8 27. Be4 Rxd6 28. Bxd5 Rxd5 29. Ne3 Rd3 30. Rd1 Rxd1+ 31. Nxd1 f5 32. f4
Kf7 33. Kf2 Ke6 34. g3 Be4 35. Ke3 Kd5 36. Nf2 Bg2 37. g4 fxg4 38. Nxg4 Bh3
39. Ne5 Bf5 40. Nf3 h6 41. Nd4 Bd7 42. h4 Bc8 43. Ne2 Bf5 44. Ng3 Bc2 45.
Nh5 g6 46. Ng3 h5 47. Ne2 Bf5 48. Nd4 Bg4 49. Nc2 Bf5 50. Nd4 Bg4 51. Nc2
Ke6 52. Nd4+ Kd5 53. Nc2 Ke6 54. Ke4 1/2-1/2

[Event "38th Olympiad"]
[Site "Dresden GER"]
[Date "2008.11.21"]
[Round "8"]
[White "Johansen,D"]
[Black "Bogut,Z"]
[Result "0-1"]
[WhiteElo "2446"]
[BlackElo "2464"]
[EventDate "2008.11.13"]

1. c4 e5 2. Nc3 Nf6 3. Nf3 Nc6 4. e3 Bb4 5. Qc2 O-O 6. Nd5 Re8 7. Qf5 d6 8.
Nxf6+ gxf6 9. Qh5 e4 10. a3 Bc5 11. b4 exf3 12. bxc5 Re5 13. Qxf3 Nd4 14.
Qd1 Bf5 15. Ra2 dxc5 16. f4 Re8 17. Kf2 Nc6 18. Qh5 Qd7 19. g4 Bg6 20. Qh4
Be4 21. Rg1 Re6 22. Rg3 Rae8 23. Rh3 Kf8 24. f5 Rd6 25. d3 Bxd3 26. Bxd3
Rxd3 27. Qxf6 Ne5 28. Qh8+ Ke7 29. Qxe5+ Kd8 30. Qf6+ Kc8 31. Rxh7 Rd1 32.
Qc3 Qc6 33. Rh8 b6 34. Rxe8+ Qxe8 35. Bb2 Qe4 36. Ra1 Rd3 37. Qe5 Rd2+ 38.
Ke1 Qg2 0-1

[Event "38th Olympiad"]
[Site "Dresden GER"]
[Date "2008.11.21"]
[Round "8"]
[White "Kveinys,A"]
[Black "Matamoros Franco,C"]
[Result "1/2-1/2"]
[WhiteElo "2533"]
[BlackElo "2525"]
[EventDate "2008.11.13"]

1. d4 d5 2. Nf3 Nf6 3. c4 c6 4. e3 Bg4 5. h3 Bxf3 6. Qxf3 e6 7. Nc3 Nbd7 8.
Bd3 Bb4 9. O-O O-O 10. Bd2 Re8 11. a3 Ba5 12. cxd5 exd5 13. b4 Bc7 14. b5
Nf8 15. bxc6 bxc6 16. Rfc1 Ne6 17. h4 c5 18. dxc5 Nxc5 19. Nxd5 Be5 20. Bb5
Nb3 21. Bxe8 Nxd2 22. Nxf6+ Bxf6 23. Qe2 Bxa1 24. Rxa1 Qf6 25. Bxf7+ Kxf7
26. Rd1 Rd8 27. Rxd2 Qa1+ 28. Kh2 Rxd2 29. Qxd2 Qxa3 30. Qd5+ Kf8 31. e4 a5
32. e5 a4 33. e6 Qe7 34. g3 g6 35. Kg2 a3 36. h5 gxh5 37. f4 Qf6 38. Kf3
Qc3+ 39. Ke4 Qc2+ 40. Ke5 Qc7+ 41. Ke4 Qc2+ 42. Kf3 Qc3+ 43. Kg2 Qf6 44.
Qa8+ Kg7 45. Qa7+ Kh6 46. e7 Qe6 47. Kf2 a2 48. e8=Q Qxe8 49. Qxa2 Qe4 50.
Qe2 Qd5 51. Qe5 Qxe5 52. fxe5 Kg5 53. Ke3 Kf5 54. Kd4 Ke6 55. Ke4 Ke7 56.
Kf5 Kf7 57. e6+ Ke7 58. Ke5 Ke8 59. Kf6 Kf8 60. e7+ Ke8 61. Ke6 h4 62. gxh4
h6 63. h5 1/2-1/2

[Event "38th Olympiad"]
[Site "Dresden GER"]
[Date "2008.11.21"]
[Round "8"]
[White "Pazos Gambarrotti,P"]
[Black "Sulskis,S"]
[Result "1/2-1/2"]
[WhiteElo "2327"]
[BlackElo "2572"]
[EventDate "2008.11.13"]

1. e4 e5 2. Nf3 Nc6 3. d4 exd4 4. Nxd4 Nf6 5. Nxc6 bxc6 6. e5 Qe7 7. Qe2
Nd5 8. c4 Ba6 9. Qe4 Nf6 10. Qe2 Nd5 11. Qe4 Nb6 12. Nc3 Qe6 13. b3 O-O-O
14. Be2 f6 15. Bf4 fxe5 16. Bg3 Kb8 17. O-O d5 18. cxd5 cxd5 19. Qxe5 Qxe5
20. Bxe5 Bxe2 21. Nxe2 Re8 22. Nd4 Kb7 23. Nf3 Rg8 24. Rac1 c5 25. Rfe1 g5
26. Bf6 Rxe1+ 27. Rxe1 g4 28. Ng5 h6 29. Nf7 Rg6 30. Bc3 d4 31. Bd2 Rf6 32.
Nd8+ Ka6 33. Re6 Bg7 34. Re7 Bf8 35. Re6 Bg7 36. Re7 Bf8 1/2-1/2

[Event "38th Olympiad"]
[Site "Dresden GER"]
[Date "2008.11.21"]
[Round "8"]
[White "Zagorskis,D"]
[Black "Aucay Pelaez,M"]
[Result "1-0"]
[WhiteElo "2509"]
[BlackElo "2335"]
[EventDate "2008.11.13"]

1. Nf3 Nf6 2. c4 c5 3. Nc3 b6 4. d4 cxd4 5. Nxd4 g6 6. e4 d6 7. Be2 Bb7 8.
f3 Bg7 9. O-O O-O 10. Be3 Nbd7 11. Qd2 Rc8 12. Rac1 Re8 13. Rfd1 Ne5 14. b3
Qc7 15. Nd5 Qb8 16. Bg5 Ned7 17. Nb5 a6 18. Nbc3 Bc6 19. Kh1 Qb7 20. Bf1
Qb8 21. Nb4 Bb7 22. Ncd5 a5 23. Nc2 Rcd8 24. Qf2 Ba6 25. Nd4 Rc8 26. Qh4
Bb7 27. a3 Qa8 28. Nb5 Qb8 29. b4 Bc6 30. Nxd6 Qxd6 31. Nxf6+ Bxf6 32. Rxd6
Bxg5 33. Qxg5 exd6 34. Rd1 axb4 35. axb4 Re6 36. Ra1 Kg7 37. Kg1 Rf6 38.
Qe3 Rb8 39. Ra7 Ne5 40. Be2 Be8 41. Ra6 Rc8 42. Qxb6 Bd7 43. Qd4 Be6 44.
Rxd6 Nxc4 45. Rxe6 1-0

[Event "38th Olympiad"]
[Site "Dresden GER"]
[Date "2008.11.21"]
[Round "8"]
[White "Macias Murillo,B"]
[Black "Sarakauskas,G"]
[Result "0-1"]
[WhiteElo "2333"]
[BlackElo "2429"]
[EventDate "2008.11.13"]

1. Nf3 c5 2. g3 Nc6 3. Bg2 g6 4. O-O Bg7 5. c3 e5 6. d3 Nge7 7. Nbd2 O-O 8.
Rb1 d5 9. b4 cxb4 10. cxb4 a6 11. a4 b5 12. Qb3 h6 13. Bb2 Rb8 14. axb5
Rxb5 15. Ba3 Qb6 16. Qa4 f5 17. Nc4 Qb8 18. Na5 Nxa5 19. bxa5 Rxb1 20. Bxe7
e4 21. Nd4 Rxf1+ 22. Bxf1 Qa7 23. Bxf8 Bxd4 24. Qe8 Qd7 25. Qxd7 Bxd7 26.
Bb4 e3 27. f4 Kf7 28. Bg2 Be6 29. Kf1 Ke8 30. Ke1 Kd7 31. Kd1 Kc6 32. Kc2
Kb5 33. Kb3 Bf6 34. Bd6 Kxa5 35. Bc5 Kb5 36. d4 Bd8 37. Kc3 Ba5+ 38. Kb3
Be1 39. Bf3 h5 40. Bd6 a5 41. Bc5 a4+ 42. Ka3 Bf2 43. Bd6 Bg1 44. h3 Bh2
45. Be5 Bxg3 46. Bg2 Be1 47. Bd6 Ba5 48. Bf3 Bd8 49. Bg2 Bf6 50. Bc5 Bh4
51. Bd6 Bg3 52. Be5 Be1 53. Bd6 Bd2 54. Bc5 Bc1+ 55. Ka2 Kc4 56. Bf3 Bd2
57. Ka3 Bd7 58. Bg2 Bc6 59. Bf3 Be1 0-1

[Event "38th Olympiad"]
[Site "Dresden GER"]
[Date "2008.11.21"]
[Round "8"]
[White "Ziska,H"]
[Black "Cuartas,Ja"]
[Result "0-1"]
[WhiteElo "2416"]
[BlackElo "2489"]
[EventDate "2008.11.13"]

1. f4 d5 2. Nf3 Nf6 3. d3 c6 4. c3 Bg4 5. Ne5 Be6 6. Nd2 Nbd7 7. Ndf3 Nxe5
8. fxe5 Nd7 9. Ng5 Nxe5 10. Nxe6 fxe6 11. g3 Nd7 12. Bh3 e5 13. O-O Nf6 14.
Rf5 Qc7 15. Bg5 h6 16. Be3 e6 17. Rf1 Qf7 18. d4 exd4 19. Bxd4 Bd6 20. Bxf6
gxf6 21. e4 Bc5+ 22. Kh1 dxe4 23. Qb3 f5 24. g4 O-O 25. gxf5 exf5 26. Qxf7+
Rxf7 27. Bxf5 Re8 28. Bg6 Rxf1+ 29. Rxf1 Re7 30. Bh5 Kg7 31. Rd1 0-1

[Event "38th Olympiad"]
[Site "Dresden GER"]
[Date "2008.11.21"]
[Round "8"]
[White "Escobar Forero,A"]
[Black "Rodgaard,J"]
[Result "1/2-1/2"]
[WhiteElo "2482"]
[BlackElo "2383"]
[EventDate "2008.11.13"]

1. d4 d5 2. Nf3 e6 3. Bf4 Bd6 4. Bg3 Nf6 5. e3 c5 6. Nbd2 Nc6 7. c3 Bxg3 8.
hxg3 Qd6 9. Bb5 Bd7 10. Qc2 h6 11. Bxc6 Bxc6 12. Ne5 cxd4 13. exd4 O-O 14.
Rh4 Nd7 15. Nef3 e5 16. dxe5 Nxe5 17. Nd4 Ng6 18. Rh5 Rfe8+ 19. Kf1 Ne5 20.
N2f3 Ng4 21. Rh4 Bd7 22. Qd3 Rad8 23. Rd1 Qf6 24. Rh5 Bc8 25. Qb5 g5 26.
Qa4 a6 27. Qc2 Re4 28. Qd2 Rde8 29. Kg1 Kf8 30. Rh1 Bd7 31. Rf1 Bc8 32. Ne1
R4e7 33. Nec2 Bf5 34. f3 Ne3 35. Nxe3 Rxe3 36. Rxh6 Qxh6 37. Nxf5 Qb6 38.
Nxe3 Rxe3 39. Qf2 Qe6 40. Rd1 Re2 41. Qc5+ Kg8 42. b4 Rxg2+ 43. Kxg2 Qe2+
44. Kh3 Qxd1 45. Kg4 Qd2 46. Qd4 Qxa2 47. Kxg5 Qg2 48. Kf4 Qc2 49. Qe5 Qd3
50. g4 b6 51. g5 Qc4+ 52. Kg3 Qc6 53. f4 a5 54. bxa5 bxa5 55. f5 a4 56. Kg4
a3 57. Qb8+ Kh7 58. Qh2+ Kg8 59. Qb8+ Kh7 60. Qh2+ Kg8 61. Qb8+ 1/2-1/2

[Event "38th Olympiad"]
[Site "Dresden GER"]
[Date "2008.11.21"]
[Round "8"]
[White "Poulsen,Ma"]
[Black "Barrientos,S"]
[Result "0-1"]
[WhiteElo "2281"]
[BlackElo "2450"]
[EventDate "2008.11.13"]

1. c4 Nf6 2. d4 g6 3. g3 Bg7 4. Bg2 d5 5. Nf3 O-O 6. Nbd2 e6 7. O-O b6 8.
Re1 Bb7 9. b3 Nbd7 10. Ba3 Re8 11. Rc1 a5 12. Qc2 Rc8 13. c5 bxc5 14. Bxc5
Nxc5 15. Qxc5 c6 16. Ne5 Bf8 17. Qc2 c5 18. dxc5 Bxc5 19. Qb2 Qe7 20. Qa1
Ba3 21. Rxc8 Rxc8 22. Nd3 Ba6 23. Nb1 Bb4 24. Rc1 Rxc1+ 25. Nxc1 Qc5 26.
Qb2 Ng4 27. Nd3 Bxd3 28. exd3 Be1 29. d4 Qb4 30. a3 Qb6 31. Kf1 Bxf2 32.
Qe2 Qxd4 33. Bh3 Qd2 0-1

[Event "38th Olympiad"]
[Site "Dresden GER"]
[Date "2008.11.21"]
[Round "8"]
[White "Clavijo,J"]
[Black "Andreasen,Jo"]
[Result "1-0"]
[WhiteElo "2358"]
[BlackElo "2179"]
[EventDate "2008.11.13"]

1. d4 Nf6 2. c4 e6 3. Nc3 Bb4 4. a3 Bxc3+ 5. bxc3 c5 6. f3 d5 7. e3 O-O 8.
Bd3 Nc6 9. Ne2 dxc4 10. Bxc4 e5 11. d5 Na5 12. Ba2 e4 13. c4 b6 14. O-O Re8
15. Ng3 Nb7 16. Bb2 Nd6 17. Qd2 Qe7 18. Rae1 Nd7 19. fxe4 Nxe4 20. Nxe4
Qxe4 21. Bb1 Qh4 22. Rf4 Qg5 23. Qc2 g6 24. Qf2 Ne5 25. Bxe5 Rxe5 26. Rxf7
Bf5 27. h4 Qg4 28. Bxf5 gxf5 29. Rc7 Rae8 30. d6 Rd8 31. Qd2 Qxh4 32. Rf1
Qxc4 33. Rf3 Qd5 34. Qe1 Rxd6 35. Qh4 Rd7 36. Qg3+ 1-0

[Event "38th Olympiad"]
[Site "Dresden GER"]
[Date "2008.11.21"]
[Round "8"]
[White "Stanojoski,Z"]
[Black "Sammalvuo,T"]
[Result "1-0"]
[WhiteElo "2502"]
[BlackElo "2464"]
[EventDate "2008.11.13"]

1. e4 e5 2. Nf3 Nf6 3. Nxe5 d6 4. Nf3 Nxe4 5. d4 d5 6. Bd3 Nc6 7. O-O Be7
8. Re1 Bg4 9. c4 Nf6 10. Nc3 Bxf3 11. Qxf3 Nxd4 12. Qd1 Ne6 13. cxd5 Nxd5
14. Bb5+ c6 15. Nxd5 cxb5 16. Bf4 Nxf4 17. Rxe7+ Kf8 18. Re5 Qd6 19. Qd2
Qxe5 20. Qb4+ Ke8 21. Qxb5+ Kd8 22. Rd1 Qxd5 23. Rxd5+ Nxd5 24. Qxd5+ Ke7
25. Qxb7+ Kf6 26. Qf3+ Ke6 27. Qe4+ Kf6 28. g4 g6 29. Qd4+ Ke7 30. Qe5+ Kd7
31. Qf6 Rhf8 32. b4 Rab8 33. Qd4+ Ke6 34. a3 Rb6 35. Qc4+ Kf6 36. Qc3+ Ke6
37. Qc7 Ra8 38. Qc4+ Kd6 39. Qxf7 a5 40. Qxh7 Kd5 1-0

[Event "38th Olympiad"]
[Site "Dresden GER"]
[Date "2008.11.21"]
[Round "8"]
[White "Agopov,M"]
[Black "Mitkov,N1"]
[Result "1/2-1/2"]
[WhiteElo "2449"]
[BlackElo "2556"]
[EventDate "2008.11.13"]

1. e4 e5 2. Nf3 Nc6 3. Bb5 Nf6 4. O-O Nxe4 5. d4 Nd6 6. Bxc6 dxc6 7. dxe5
Nf5 8. Qxd8+ Kxd8 9. Nc3 Bd7 10. Rd1 Kc8 11. Ng5 Be8 12. b3 h6 13. Nge4 b6
14. Bb2 Be7 15. Rd3 Bd7 16. Rad1 Be6 17. f3 Kb7 18. Kf2 g5 19. Ne2 c5 20.
c4 Rad8 21. h3 Rxd3 22. Rxd3 Nh4 23. N2g3 Ng6 24. Nh5 Kc6 25. Ke3 a6 26.
Nef6 Rb8 27. Nd5 Bf8 28. f4 b5 29. Rd2 Ne7 30. Ke4 Bf5+ 31. Kf3 gxf4 32.
Nhxf4 Bb1 33. Bc3 Nc8 34. g4 bxc4 35. bxc4 Nb6 36. Rb2 Nd7 37. Rd2 Nb6 38.
Rb2 Nd7 39. Rxb8 Nxb8 40. e6 fxe6 41. Nxe6 Bd6 42. a3 Ba2 43. Ne3 Kd7 44.
Ng7 Nc6 45. Ngf5 Nd4+ 46. Kf2 Nxf5 47. Nxf5 Bxc4 48. Nxh6 Bf4 49. Nf5 Bd3
50. h4 Ke6 51. Ne3 c4 52. h5 Bg5 53. Bg7 Kf7 54. Bd4 Be7 55. a4 c6 56. Bc3
Bg5 57. a5 Ke6 58. Kf3 Bh6 59. Bd4 Bg5 60. Bg7 Kf7 61. Bc3 Ke6 62. Bg7 Kf7
63. Bc3 1/2-1/2

[Event "38th Olympiad"]
[Site "Dresden GER"]
[Date "2008.11.21"]
[Round "8"]
[White "Colovic,A"]
[Black "Lehtinen,H"]
[Result "1/2-1/2"]
[WhiteElo "2458"]
[BlackElo "2381"]
[EventDate "2008.11.13"]

1. d4 Nf6 2. c4 c5 3. d5 e5 4. Nc3 d6 5. e4 Be7 6. g3 O-O 7. Bg2 Ne8 8.
Nge2 a6 9. a4 Nd7 10. O-O b6 11. Be3 Rb8 12. Qd3 g6 13. b3 Bg5 14. f4 Bh6
15. Bh3 Ndf6 16. f5 Bxe3+ 17. Qxe3 Kg7 18. Nc1 h6 19. Nd3 a5 20. Qe2 Bd7
21. Rf2 Nc7 22. Raf1 g5 23. Bg4 Rh8 24. Bh5 Qe7 25. h3 Rbg8 26. Qd1 Kf8 27.
Be2 Ke8 28. Rg2 Kd8 29. Qd2 Kc8 30. Qe3 1/2-1/2

[Event "38th Olympiad"]
[Site "Dresden GER"]
[Date "2008.11.21"]
[Round "8"]
[White "Pelletier,Y"]
[Black "Kelly,B"]
[Result "1/2-1/2"]
[WhiteElo "2557"]
[BlackElo "2488"]
[EventDate "2008.11.13"]

1. d4 d5 2. c4 c6 3. Nf3 Nf6 4. Nc3 a6 5. c5 Nbd7 6. Bf4 Nh5 7. Bd2 Nhf6 8.
Qc2 g6 9. g3 Bg7 10. Bg2 O-O 11. O-O Re8 12. Rad1 Nh5 13. e4 dxe4 14. Nxe4
Ndf6 15. Nc3 Be6 16. Rfe1 Bd5 17. h3 Qc7 18. Qc1 Bh8 19. g4 Ng7 20. Bf4 Qd8
21. Be5 Ne6 22. Nxd5 cxd5 23. b4 Bg7 24. Qe3 Qd7 25. Bh2 Nd8 26. Ne5 Qa4
27. g5 Nd7 28. Bxd5 Nxe5 29. dxe5 Qxb4 30. Rb1 Qa5 31. e6 f6 32. Bxb7 Nxb7
33. Rxb7 Rac8 34. Bd6 exd6 35. cxd6 Qd5 36. Rxg7+ Kxg7 37. gxf6+ Kxf6 38.
Qf4+ Kg7 39. Qf7+ Kh6 40. d7 Rf8 41. dxc8=Q Rxc8 42. Qd7 Qg5+ 43. Kf1 Rd8
44. Qc6 Qf5 45. Qc1+ Qg5 46. Qc3 Qb5+ 47. Kg2 Qg5+ 48. Kf1 Qb5+ 49. Kg2
Qg5+ 50. Qg3 Re8 51. e7 Qf6 52. Re4 Kg7 53. Qe3 Qd6 54. Qc3+ Qf6 55. Qc5
Qf5 56. Re5 Qf6 57. Re3 Qf4 58. a3 Qf6 59. a4 Qf4 60. a5 Qf6 61. Kg3 Qf7
62. Qe5+ Kg8 63. Qd6 Qf5 64. Re5 Qc8 65. Rc5 Qb7 66. Qe6+ Kg7 67. Re5 Qc7
68. Kg2 Qc3 69. h4 Qd4 70. Kg3 Qc3+ 71. Kg2 Qd4 72. h5 Qf4 73. hxg6 hxg6
74. Re3 Qg5+ 75. Rg3 Qf6 76. Re3 Qg5+ 77. Rg3 Qf6 78. Re3 1/2-1/2

[Event "38th Olympiad"]
[Site "Dresden GER"]
[Date "2008.11.21"]
[Round "8"]
[White "Collins,S IRL"]
[Black "Jenni,F"]
[Result "0-1"]
[WhiteElo "2412"]
[BlackElo "2543"]
[EventDate "2008.11.13"]

1. e4 e5 2. Nf3 Nc6 3. Nc3 Nf6 4. g3 Bc5 5. Bg2 d6 6. h3 a6 7. d3 h6 8. Be3
Bxe3 9. fxe3 O-O 10. Nh4 g6 11. O-O Nh7 12. Kh2 Kg7 13. d4 Ne7 14. Qe2 c6
15. a4 a5 16. Rad1 Qb6 17. b3 Ng8 18. Nb1 Be6 19. Qd3 Rae8 20. Nd2 Ng5 21.
Qc3 Qb4 22. Qxb4 axb4 23. d5 cxd5 24. exd5 Bc8 25. Nc4 Rd8 26. Nb2 b6 27.
Rg1 Ba6 28. Nd3 Bxd3 29. cxd3 f5 30. Rc1 e4 31. Rc4 Nf6 32. dxe4 fxe4 33.
Rd1 Rc8 34. Rxb4 Rc2 35. Kg1 Nh5 36. Rxb6 Nxg3 37. Rxd6 Rff2 38. Rxg6+ Kh7
39. Kh2 Nf5 40. Kh1 Nxh4 41. Rxg5 Nxg2 42. Rg3 Nh4 0-1

[Event "38th Olympiad"]
[Site "Dresden GER"]
[Date "2008.11.21"]
[Round "8"]
[White "Hug,W"]
[Black "Quinn,M"]
[Result "1-0"]
[WhiteElo "2448"]
[BlackElo "2401"]
[EventDate "2008.11.13"]

1. d4 d6 2. Nf3 Bg4 3. c3 c6 4. Nbd2 Nd7 5. h3 Bh5 6. e4 e6 7. g3 d5 8. Bg2
Ngf6 9. Qe2 Nxe4 10. Nxe4 dxe4 11. Qxe4 Bd6 12. O-O O-O 13. Nd2 Nf6 14. Qc2
h6 15. Qb3 Rb8 16. Nc4 Bc7 17. Re1 Nd7 18. Be3 Nb6 19. a4 Nd5 20. Bd2 a5
21. Ne5 f6 22. Nd3 Bf7 23. Qd1 b6 24. Qg4 h5 25. Qf3 h4 26. gxh4 Qd6 27. h5
c5 28. h6 c4 29. hxg7 Rfe8 30. Ne5 fxe5 31. dxe5 Qd7 32. Qg4 Rec8 33. Bg5
Be8 34. Rad1 Qxg7 35. Qxe6+ Bf7 36. Qg4 Nxc3 37. bxc3 Bxe5 38. Rxe5 1-0

[Event "38th Olympiad"]
[Site "Dresden GER"]
[Date "2008.11.21"]
[Round "8"]
[White "Rowson,J"]
[Black "Miezis,N"]
[Result "1/2-1/2"]
[WhiteElo "2596"]
[BlackElo "2552"]
[EventDate "2008.11.13"]

1. d4 Nf6 2. Nf3 e6 3. c4 Bb4+ 4. Nbd2 c5 5. a3 Bxd2+ 6. Bxd2 cxd4 7. Nxd4
Ne4 8. Be3 d5 9. cxd5 exd5 10. g3 O-O 11. Bg2 Nc6 12. Nxc6 bxc6 13. O-O Re8
14. Rc1 Bd7 15. b4 Qb8 16. Qd4 a5 17. Bf4 Qa7 18. Rfd1 axb4 19. axb4 Qxd4
20. Rxd4 Nf6 21. Bf3 h6 22. h4 Ra2 23. Rd2 Rxd2 24. Bxd2 Ne4 25. Bxe4 Rxe4
26. e3 Re8 27. Ra1 Re4 28. f3 Rc4 29. Rc1 Rxc1+ 30. Bxc1 h5 31. Bb2 1/2-1/2

[Event "38th Olympiad"]
[Site "Dresden GER"]
[Date "2008.11.21"]
[Round "8"]
[White "Sveshnikov,E"]
[Black "Aagaard,J"]
[Result "1/2-1/2"]
[WhiteElo "2525"]
[BlackElo "2528"]
[EventDate "2008.11.13"]

1. e4 c5 2. c3 Nf6 3. e5 Nd5 4. d4 cxd4 5. cxd4 d6 6. Bc4 e6 7. Nf3 Nc6 8.
O-O Be7 9. Qe2 O-O 10. Nc3 dxe5 11. dxe5 Nxc3 12. bxc3 Qa5 13. Rb1 Rd8 14.
Rb5 Qc7 15. Bd3 b6 16. Ng5 Bxg5 17. Bxg5 Ba6 18. Bxd8 Rxd8 19. f4 Bxb5 20.
Bxb5 Ne7 21. Qc4 Qxc4 22. Bxc4 Rc8 23. Bb3 Rxc3 24. Rd1 Nc6 25. f5 Kf8 26.
fxe6 fxe6 27. Rd7 Nxe5 28. Rxa7 Nd3 29. Kf1 Nc5 30. Bd1 Rc4 31. Ke2 h6 32.
Rc7 Rb4 33. Kf3 Rb2 34. Ra7 Rd2 35. Be2 Rd7 36. Ra8+ Ke7 37. Ke3 Kf6 38. h4
Ke5 39. h5 Ne4 40. Ra6 Rc7 41. Bf3 Nd6 42. Kd3 b5 43. Bc6 b4 44. g4 Rc8 45.
Rb6 Rc7 46. Ra6 Nf7 47. Ke3 Nd8 48. Ra5+ Kf6 49. Be4 Rc3+ 50. Kd4 Nf7 51.
Ra4 Rg3 52. Rxb4 Rxg4 53. Kc5 Rg5+ 54. Kb6 Rxh5 55. a4 Nd6 56. Bc6 Nc8+ 57.
Kb7 Rc5 58. a5 Rxa5 59. Kxc8 Rc5 60. Kd7 g5 61. Bf3 Rc3 62. Bg4 Rd3+ 63.
Kc6 e5 64. Kc5 Rc3+ 65. Kd5 Rd3+ 66. Kc5 Rc3+ 67. Kd5 1/2-1/2

[Event "38th Olympiad"]
[Site "Dresden GER"]
[Date "2008.11.21"]
[Round "8"]
[White "Arakhamia,K"]
[Black "Meijers,V"]
[Result "1/2-1/2"]
[WhiteElo "2448"]
[BlackElo "2514"]
[EventDate "2008.11.13"]

1. e4 c5 2. Nf3 e6 3. d4 cxd4 4. Nxd4 a6 5. Bd3 Nf6 6. O-O d6 7. c4 Nbd7 8.
Nc3 Qc7 9. Be3 g6 10. Rc1 Bg7 11. f3 O-O 12. Qd2 b6 13. Rfd1 Bb7 14. Bf1
Rfd8 15. b4 Rac8 16. Nb3 Bf8 17. a3 Qb8 18. Qf2 Bc6 19. Kh1 h6 20. Rd2 Bg7
21. Bd4 Ne8 22. Bxg7 Kxg7 23. Rcd1 Kh7 24. Qe3 Bb7 25. Na4 Bc6 26. Nc3 Qa8
27. Rc1 Rc7 28. Qf4 Kg7 29. Qg3 Rdc8 30. Rcd1 Bb5 31. cxb5 Rxc3 32. Nd4 a5
33. Nc6 axb4 34. axb4 Qa3 35. Qf2 Ra8 36. h3 Rc1 37. Qd4+ Kh7 38. Rxc1 Qxc1
39. Rd1 Qf4 40. Bc4 Ra3 41. Rb1 h5 42. Qb2 Re3 43. Qc1 Nef6 44. Bf1 h4 45.
Nd4 Nh5 46. Kg1 Ne5 47. Ne2 Nxf3+ 48. gxf3 Qxf3 49. Rb2 Qxe4 50. Qc7 Qf3
51. Qxd6 Rd3 52. Qxb6 Qf6 53. Rb1 Ng3 54. Nxg3 Rxg3+ 55. Bg2 Rxg2+ 56. Kxg2
Qg5+ 57. Kh1 Qd5+ 58. Kg1 Qg5+ 59. Kh1 Qd5+ 60. Kg1 Qg5+ 1/2-1/2

[Event "38th Olympiad"]
[Site "Dresden GER"]
[Date "2008.11.21"]
[Round "8"]
[White "Samolins,V"]
[Black "McNab,C"]
[Result "1/2-1/2"]
[WhiteElo "2444"]
[BlackElo "2455"]
[EventDate "2008.11.13"]

1. e4 g6 2. d4 d6 3. Nc3 Bg7 4. Be3 Nf6 5. Qd2 c6 6. f3 Qa5 7. g4 b5 8. g5
Nh5 9. O-O-O Nd7 10. Nge2 Rb8 11. a3 Nb6 12. Ng3 Nxg3 13. hxg3 Nc4 14. Bxc4
bxc4 15. Ne2 Qxd2+ 16. Rxd2 O-O 17. Nc3 f6 18. gxf6 Rxf6 19. f4 Bg4 20. Rf2
Rff8 21. e5 Rb7 22. Nd1 Rfb8 23. c3 Rb3 24. d5 c5 25. exd6 exd6 26. f5 Bxf5
27. Bf4 Bf8 28. Re1 h5 29. Bg5 Bg7 30. Bf4 Rd8 31. Re7 a5 32. Ra7 Rb6 33.
Rxa5 Re8 34. Ne3 Bd3 35. Ra4 Bxc3 36. bxc3 Rb1+ 37. Kd2 Rb2+ 38. Ke1 Rb1+
39. Kd2 Rb2+ 1/2-1/2

[Event "38th Olympiad"]
[Site "Dresden GER"]
[Date "2008.11.21"]
[Round "8"]
[White "Galego,L"]
[Black "Ragger,M"]
[Result "1/2-1/2"]
[WhiteElo "2484"]
[BlackElo "2518"]
[EventDate "2008.11.13"]

1. d4 d5 2. Nf3 Nf6 3. c4 c6 4. e3 Bf5 5. Nc3 e6 6. Be2 Nbd7 7. Nh4 Bg6 8.
cxd5 exd5 9. O-O Bd6 10. f4 Be4 11. Qe1 Qe7 12. Bd2 h6 13. Nxe4 Nxe4 14.
Nf5 Qf6 15. Nxd6+ Nxd6 16. Bd3 O-O 17. Bb4 Rfe8 18. Bxd6 Qxd6 19. Rf3 Nf6
20. Rc1 Re7 21. h3 Ne4 22. Bxe4 Rxe4 23. Qd2 Rae8 24. a3 Qe7 25. Rc3 a5 26.
Qc2 Qh4 27. Qd2 Qe7 28. Qc2 Qh4 29. Qd2 Qe7 30. Qc2 Qh4 31. Qd2 1/2-1/2

[Event "38th Olympiad"]
[Site "Dresden GER"]
[Date "2008.11.21"]
[Round "8"]
[White "Kindermann,S"]
[Black "Dias,P"]
[Result "1-0"]
[WhiteElo "2517"]
[BlackElo "2406"]
[EventDate "2008.11.13"]

1. e4 e6 2. d4 d5 3. Nc3 Bb4 4. e5 c5 5. a3 Bxc3+ 6. bxc3 Ne7 7. a4 Qa5 8.
Bd2 Nbc6 9. Nf3 Bd7 10. Bb5 Qc7 11. O-O f6 12. Bf4 Ng6 13. Bg3 f5 14. h4 c4
15. Ng5 Nd8 16. h5 Ne7 17. h6 gxh6 18. Qh5+ Ng6 19. Nxh7 Rxh7 20. Qxg6+ Rf7
21. Bh4 Nc6 22. f4 Ne7 23. Qxe6 a6 24. Bxd7+ Qxd7 25. Qxh6 O-O-O 26. e6 Qd6
27. Rae1 Rff8 28. Re5 Rde8 29. Bxe7 Qxe7 30. Qh5 Rh8 31. Qf3 Qh4 32. Qxd5
Qh2+ 33. Kf2 Qxf4+ 34. Ke2 Qg5 35. Kd1 Kb8 36. Re2 Qg3 37. Qe5+ Qxe5 38.
Rxe5 Rhg8 39. Rfxf5 Rxg2 40. Rf7 Rg1+ 41. Kd2 Rg2+ 42. Kc1 Rg1+ 43. Kb2 Rd1
44. Rd7 Kc8 45. Rc5+ Kb8 46. e7 1-0

[Event "38th Olympiad"]
[Site "Dresden GER"]
[Date "2008.11.21"]
[Round "8"]
[White "Baumegger,S"]
[Black "Pereira,Rub"]
[Result "1/2-1/2"]
[WhiteElo "2445"]
[BlackElo "2437"]
[EventDate "2008.11.13"]

1. c4 Nf6 2. Nc3 d5 3. cxd5 Nxd5 4. Nf3 g6 5. e4 Nxc3 6. bxc3 Bg7 7. d4 c5
8. Be3 O-O 9. Qd2 Qa5 10. Rb1 a6 11. Rc1 Nd7 12. Bd3 Nf6 13. h3 Rd8 14. O-O
Bd7 15. d5 c4 16. Bb1 e6 17. Bg5 Re8 18. d6 e5 19. Nh2 Bc6 20. f4 Rad8 21.
Qf2 Rd7 22. fxe5 Nxe4 23. Bxe4 Bxe4 24. Ng4 Rxe5 25. Nxe5 Bxe5 26. Bf4 Bd3
27. Rfe1 f6 28. Bxe5 fxe5 29. Qf6 Qc5+ 30. Kh1 Qxd6 31. Qxe5 Qxe5 32. Rxe5
Kf7 33. Rce1 b5 34. Kg1 Rb7 35. a3 a5 36. Kf2 h5 37. Kf3 b4 38. axb4 axb4
39. cxb4 Rxb4 40. Re7+ Kf6 41. R1e6+ Kg5 42. Rc7 Rb1 43. Re5+ Kh4 44. Rxc4+
1/2-1/2